000 00306nam a22001457a 4500
008 210308b ||||| |||| 00| 0 eng d
020 _a9780782121094
041 _aeng
080 _272
_a72
082 _272
100 _a41
101 _aARK
245 _aAuto CAD 14
_c George Omura
942 _2udc
_cBK
999 _c55918
_d55918